header

Mrs. Dole is out of control! / (Record no. 262760)

MARC details
000 -LEADER
fixed length control field 00582nam a22002057a 4500
003 - CONTROL NUMBER IDENTIFIER
control field OSt
005 - DATE AND TIME OF LATEST TRANSACTION
control field 20240206165228.0
008 - FIXED-LENGTH DATA ELEMENTS--GENERAL INFORMATION
fixed length control field 240206b xxu||||| |||| 00| 0 eng d
010 ## - LIBRARY OF CONGRESS CONTROL NUMBER
LC control number 2008014687
020 ## - INTERNATIONAL STANDARD BOOK NUMBER
International Standard Book Number 9780061346088 (lib. bdg.)
International Standard Book Number 9780061346071 (pbk.)
040 ## - CATALOGING SOURCE
Transcribing agency RU
050 ## - LIBRARY OF CONGRESS CALL NUMBER
Classification number PZ7.G9846
Item number Mse 2008
100 ## - MAIN ENTRY--PERSONAL NAME
Personal name Gutman, Dan
245 ## - TITLE STATEMENT
Title Mrs. Dole is out of control! /
Statement of responsibility, etc Dan Gutman ; pictures by Jim Paillot.
250 ## - EDITION STATEMENT
Edition statement 1st ed.
260 ## - PUBLICATION, DISTRIBUTION, ETC. (IMPRINT)
Place of publication, distribution, etc New York :
Name of publisher, distributor, etc HarperTrophy,
Date of publication, distribution, etc c2008.
300 ## - PHYSICAL DESCRIPTION
Extent 103 p. ;
Other physical details ill. ;
Dimensions 20 cm.
942 ## - ADDED ENTRY ELEMENTS (KOHA)
Source of classification or shelving scheme Library of Congress Classification
Koha item type Long Loan Books
Holdings
Withdrawn status Lost status Source of classification or shelving scheme Damaged status Not for loan Collection code Home library Current library Shelving location Date acquired Total Checkouts Full call number Barcode Date last seen Date checked out Price effective from Koha item type
    Library of Congress Classification     Fiction Rongo University Library Rongo University Library Children's Area 06/02/2024 1 PZ7.G9846 Mse 2008 CL20233197 03/06/2025 22/04/2025 06/02/2024 Long Loan Books

© 2026 Rongo University
Contact us: librarian | system librarian | Rongo university